Jane Eyre : (Record no. 193453)

000 -LEADER
fixed length control field 01065 a2200349 4500
003 - CONTROL NUMBER IDENTIFIER
control field Nust
005 - DATE AND TIME OF LATEST TRANSACTION
control field 20170207154058.0
010 ## - LIBRARY OF CONGRESS CONTROL NUMBER
LC control number 00055450
020 ## - INTERNATIONAL STANDARD BOOK NUMBER
International Standard Book Number 0393975428 (pbk.)
040 ## - CATALOGING SOURCE
Transcribing agency Nust
082 00 - DEWEY DECIMAL CLASSIFICATION NUMBER
Classification number 823.8
100 1# - MAIN ENTRY--PERSONAL NAME
Personal name Bronte, Charlotte
245 10 - TITLE STATEMENT
Title Jane Eyre :
Remainder of title an authoritative text /
Statement of responsibility, etc. Charlotte Bronte ; edited by Richard J. Dunn ; with a foreword by Carol T. Christ.
260 ## - PUBLICATION, DISTRIBUTION, ETC.
Place of publication, distribution, etc. New York :
Name of publisher, distributor, etc. Norton,
Date of publication, distribution, etc. c2000.
300 ## - PHYSICAL DESCRIPTION
Extent xiv, 321 p. ;
Dimensions 24 cm.
440 #2 - SERIES STATEMENT/ADDED ENTRY--TITLE
Title A Norton anthology edition
505 ## - FORMATTED CONTENTS NOTE
Formatted contents note The Text of Jane Eyre (Page-1), Contexts (Page-389), Criticism (Page-469),
538 ## - SYSTEM DETAILS NOTE
System details note Almirah No.53 Shelf No.1
600 10 - SUBJECT ADDED ENTRY--PERSONAL NAME
Personal name Bront襬 Charlotte,
Dates associated with a name 1816-1855.
Title of a work Jane Eyre.
650 #0 - SUBJECT ADDED ENTRY--TOPICAL TERM
Topical term or geographic name entry element Charity-schools
650 #0 - SUBJECT ADDED ENTRY--TOPICAL TERM
Topical term or geographic name entry element Country homes
650 #0 - SUBJECT ADDED ENTRY--TOPICAL TERM
Topical term or geographic name entry element Fathers and daughters
650 #0 - SUBJECT ADDED ENTRY--TOPICAL TERM
Topical term or geographic name entry element Governesses
650 #0 - SUBJECT ADDED ENTRY--TOPICAL TERM
Topical term or geographic name entry element Married people
650 #0 - SUBJECT ADDED ENTRY--TOPICAL TERM
Topical term or geographic name entry element Mentally ill women
650 #0 - SUBJECT ADDED ENTRY--TOPICAL TERM
Topical term or geographic name entry element Orphans
650 #0 - SUBJECT ADDED ENTRY--TOPICAL TERM
Topical term or geographic name entry element Young women
651 #0 - SUBJECT ADDED ENTRY--GEOGRAPHIC NAME
Geographic name England
655 #7 - INDEX TERM--GENRE/FORM
Genre/form data or focus term Bildungsromans.
655 #7 - INDEX TERM--GENRE/FORM
Genre/form data or focus term Love stories.
700 1# - ADDED ENTRY--PERSONAL NAME
Personal name Dunn, Richard J.,
Dates associated with a name 1938-
942 ## - ADDED ENTRY ELEMENTS (KOHA)
Source of classification or shelving scheme
Koha item type Book
Holdings
Withdrawn status Lost status Source of classification or shelving scheme Damaged status Not for loan Collection code Permanent Location Current Location Date acquired Total Checkouts Full call number Barcode Date last seen Price effective from Koha item type
            Military College of Signals (MCS) Military College of Signals (MCS) 12/12/2016   823.8 BRO MCS31611 12/08/2016 12/12/2016 Book
© 2023 Central Library, National University of Sciences and Technology. All Rights Reserved.